000 00235nam a2200109Ia 4500
008 240625s9999 xx 000 0 und d
041 _aeng
082 _a658.8 HAL
100 _aHALL DOUG
245 _aMEANING MARKETING
260 _c2003
999 _c33918
_d33918